History of England (Vol-1 &2) / (Record no. 187221)

000 -LEADER
fixed length control field 01686 a2200169 4500
003 - CONTROL NUMBER IDENTIFIER
control field NUST
005 - DATE AND TIME OF LATEST TRANSACTION
control field 20230131162613.0
040 ## - CATALOGING SOURCE
Transcribing agency Nust
082 ## - DEWEY DECIMAL CLASSIFICATION NUMBER
Classification number 942,MAC
100 ## - MAIN ENTRY--PERSONAL NAME
Personal name Macaulay, Lord
9 (RLIN) 108309
245 ## - TITLE STATEMENT
Title History of England (Vol-1 &2) /
Statement of responsibility, etc. Lord Macaulay
260 ## - PUBLICATION, DISTRIBUTION, ETC.
Place of publication, distribution, etc. London
Name of publisher, distributor, etc. Longman
300 ## - PHYSICAL DESCRIPTION
Extent 775:p.
505 ## - FORMATTED CONTENTS NOTE
Formatted contents note Vol 1: Introduction (Page-1), Conduct Of Those Who Restored The House Of Smart Unjustly Censured (Page-75), Great Change In The State Of England Since 1685 (Page-137), Death Of Charles 2 (Page-209), Whig Refugees On The Continent (Page-255), The Power Of James At The Height (Page-328), William, Prince Of Orange, His Appearance (Page-406), Consecration Of The Nuncio At The Saint James Palace (Page-460), Change In The Opinion Of The Tories Concerning The Lawfulness Of Resistance (Page-521), The Flight Of James Known: Great Agitation: The Lords Meet At Childhall (Page-599), William And Marry Proclaimed In London (Page-656), State Of Ireland At The Time Of The Revolution (Page-718), Vol 2: The Revolution More Violent In Scotland Than In England (Page-1), Dispute In The English Parliament (Page-66), The Parliament Meets (Page-124), Williams Lands At Carrickfergus And Proceeds To Belfast (Page-183), Williams Voyage To Holland (Page-240), Opening Of The Parliament (Page-298), Foreign Policy Of William (Page-364), State Of The Court At Saint Germains (Page-424), Effects Of The Marys Death On The Continent (Page-501), Military Operation In The Netherland (Page-577), Standing Armies (Page-634), Altered Position Of The Ministry (Page-689),Trial Of Spencer Cowper (Page-740).
650 ## - SUBJECT ADDED ENTRY--TOPICAL TERM
Topical term or geographic name entry element History of England
9 (RLIN) 108275
942 ## - ADDED ENTRY ELEMENTS (KOHA)
Source of classification or shelving scheme
Koha item type Book
Call number prefix 942,MAC
Holdings
Withdrawn status Lost status Source of classification or shelving scheme Damaged status Not for loan Permanent Location Current Location Shelving location Date acquired Full call number Barcode Date last seen Price effective from Koha item type Public note
          Military College of Signals (MCS) Military College of Signals (MCS) General Stacks 12/12/2016 942,MAC MCS29443 12/08/2016 12/12/2016 Book Almirah No.60, Shelf No.5
          Military College of Signals (MCS) Military College of Signals (MCS) General Stacks 12/12/2016 942,MAC MCS29445 12/08/2016 12/12/2016 Book Almirah No.60, Shelf No.5
© 2023 Central Library, National University of Sciences and Technology. All Rights Reserved.